000 00770nam a2200205 4500
001 125746
003 ES-MaACL
005 20230906192707.0
007 t|
008 070214s1923 sp r ||||1| spa d
245 0 0 _aRégimen mercantil internacional de España.
260 _aMadrid :
_b[s. n.],
_c1923 (
_fImp. Ramona Velasco)
300 _a2 v. ;
_c26 x 18 cm.
500 _aPrecede al tít.: Comisión Protectora de la Producción Nacional.
505 8 _aContiene: v. I: Tratados de comercio (Suiza, Francia, Noruega, Gran Bretaña) ---- v. II: Aranceles
710 2 _aComisión Protectora de la Producción Nacional.
_93059
740 0 _aTratados de comercio (Suiza, Francia, Noruega, Gran Bretaña)
740 0 _aAranceles.
852 _aES-MaACL
_jF-1394-95
999 _c125746
_d125746